01225nam a2200265 i 4500003000900000005001700009007000300026008004100029040003000070041000800100082001800108100001000126245006000136264006500196300002600261336002700287337003400314338002800348505037500376590002600751910000700777942001300784952014500797999001700942DO-SdBNP20260305100014.0ta260405s2002 dr o 000 0 spa d aDO-SdBNPbspacBNPHUerda aspa axxxbC357222 91176510aCatálogo 2002 :blibreria y papeleria La Filantropica 1aSanto Domingo :bLibreria y Papeleria La Filantropica,c2002 a38 páginas c23 cm. 2rdacontentatextobtxt 2rdamediaasin mediación bn 2rdacarrieravolumenbnc aGeneralidades 16 -- Condiciones necesarias para el desarrollo de las plantas 24 -- Luz 25 -- Agua 27 -- Aspectos climáticos 30 -- Los sustratos 30 -- El nutriente y el riego de los cultivos 38 -- Recipientes de cultivo 44 -- Semillas, semilleros y trasplante 54 -- Plagas y enfermedades en los hidrocultivos caseros 66 -- Periodo vegetativo, recolección y cosecha 80 aInventariado, 2026/DG aDG 2ddccLF2 00102ddc51708PD-FaBNPHUbBNPHUcCTd2026-03-05eDonaciónl0oBNPHU PD C357p2026-1744r2026-03-05w2026-03-05yLF2zMaribel Sánchez c60435d60435